Loading...
Vyavaharik Hindi
| Main Author: | |
|---|---|
| Format: | Printed Book |
| Published: |
New Delhi, Shabari Samsthan
1985
|
| LEADER | 004050000a22001330004500 | ||
|---|---|---|---|
| 040 | |a HINDI | ||
| 082 | |a 491.435 M5;1 | ||
| 100 | |a Mahendra Mittal | ||
| 245 | |a Vyavaharik Hindi | ||
| 260 | |a New Delhi, Shabari Samsthan | ||
| 260 | |c 1985 | ||
| 465 | |a R 10 | ||
| 999 | |c 13559 |d 13559 | ||
| 952 | |0 0 |1 0 |4 0 |6 491_435000000000000_M51 |7 0 |8 HINDI |9 13360 |a MGUL |b MGUL |d 2013-07-16 |e R 10 |l 0 |o 491.435 M5;1 |p 20239 |r 2013-07-16 |w 2013-07-16 |y BK | ||